Ultimate Lebron James Hater Quiz, Enjoy! - Statistics

General Stats
  • This quiz has been taken 61 times
  • The average score is 5 of 8
Answer Stats
Hint Answer % Correct
How many times has Lebron James been swept in a playoff series? 4
96%
In 20 seasons so far how many times has lebrons season ended with eitherBeing swept in the playoffs or missing the playoffs? 7
96%
During Lebron James run of making 8 consecutive NBA finals appearances he played in a historically weak eastern conference and defeated a TOTAL of 24 Eastern conference teams to make it to the finals. How many of those teams Won 41 games or less? 7
96%
Has Lebron ever won a championship without having multiple Teammates that had made all-NBA? No
85%
How many teammates has Lebron played with that made All-NBA 1st or 2nd team during his career? 11
79%
What’s Lebron’s career win-loss record in the NBA finals 4-6
43%
Where did Lebron James rank in scoring on his own teamDuring the 2011 NBA Finals against the Mavericks? 3rd
30%
Lebron James has been touted as “Making teammates better” yet nearly all of his All-Star teammates scoring average dropped when they began playing with him compared to the season prior. Of the following players who is the ONLY 1 who’s average PPG increased After joining Lebron (options: Kyrie Irving, Dwane Wade, Chris Bosh, Anthony Davis, Shaquille Oneal, Kevin Love, Isiah Thomas, Shawn Marion, Russell Westbrook, Derrik Rose) Kyrie (increased scoring from 20.8 to 21.7, alsoShould be noted Kyrie was 22 years old at the time)
0%
No matching quizzes found
Score Distribution
Percent of People with Each Score
Percentile by Number Answered
Your Score History
You have not taken this quiz